C how to program / (Record no. 12157)

MARC details
000 -LEADER
fixed length control field 00665cam a22002172 4500
001 - CONTROL NUMBER
control field 0000020622
005 - DATE AND TIME OF LATEST TRANSACTION
control field 20151217155229.0
008 - FIXED-LENGTH DATA ELEMENTS--GENERAL INFORMATION
fixed length control field 110928s xx 000 0 eng d
020 ## - INTERNATIONAL STANDARD BOOK NUMBER
International Standard Book Number 0137059669 :
040 ## - CATALOGING SOURCE
Original cataloging agency KABU
Transcribing agency KABU
100 1# - MAIN ENTRY--PERSONAL NAME
Personal name Deitel, H. M.
-- 0000154449
245 10 - TITLE STATEMENT
Title C how to program /
Statement of responsibility, etc. H. M. Deitel, P. J. Deitel.
250 ## - EDITION STATEMENT
Edition statement 6th ed.
260 ## - PUBLICATION, DISTRIBUTION, ETC. (IMPRINT)
Place of publication, distribution, etc. Upper Saddle River, NJ. :
Name of publisher, distributor, etc. Prentice-Hall,
Date of publication, distribution, etc. 2010.
300 ## - PHYSICAL DESCRIPTION
Extent 998 p. +
Accompanying material 1 CD-ROM.
650 #0 - SUBJECT ADDED ENTRY--TOPICAL TERM
Topical term or geographic name as entry element C (Computer program language)
-- 0000154432
700 1# - ADDED ENTRY--PERSONAL NAME
Personal name Deitel, P. J.
-- 0000154450
852 1# - LOCATION
-- p6665 KES
908 ## - PUT COMMAND PARAMETER (RLIN)
Put command parameter 110928
950 ## - LOCAL HOLDINGS (RLIN)
-- 1
Holdings
Withdrawn status Lost status Source of classification or shelving scheme Not for loan Home library Current library Date acquired Total Checkouts Full call number Barcode Date last seen Date last checked out Price effective from Koha item type
    Library of Congress Classification   Kabarak, Main Campus Kabarak, Main Campus 17/12/2015 28 QA76.73 .C15D45 2010 c.1 013083 04/02/2020 04/02/2020 17/12/2015 General Collection
Designed with assistance from East African Informatics Ltd